La botica del mamut / (Record no. 178528)

MARC details
000 -LEADER
campo de control de longitud fija 00733nam a22002415i 4500
001 - NÚMERO DE CONTROL
campo de control 178528
003 - IDENTIFICADOR DE NÚMERO DE CONTROL
campo de control ES-MaACL
005 - FECHA Y HORA DE LA ÚLTIMA TRANSACCIÓN
campo de control 20250712024243.0
008 - DATOS DE LONGITUD FIJA--INFORMACIÓN GENERAL
campo de control de longitud fija 110606s1986 sp |||| | spa d
020 ## - NÚMERO INTERNACIONAL ESTÁNDAR DEL LIBRO
Número Internacional Estándar del Libro 84-320-0662-9
080 ## - NÚMERO DE LA CLASIFICACIÓN DECIMAL UNIVERSAL
Número de la Clasificación Decimal Universal 821.134.2-4"19"
100 1# - ENTRADA PRINCIPAL--NOMBRE DE PERSONA
Nombre de persona Robles Piquer, Carlos,
Fechas asociadas al nombre 1925-2018
9 (RLIN) 97951
245 13 - MENCIÓN DEL TÍTULO
Título La botica del mamut /
Mención de responsabilidad, etc. Carlos Robles Piquer ; prólogo de Manuel Fraga Iribarne.
250 ## - MENCION DE EDICION
Mención de edición 1ª ed.
260 ## - PUBLICACIÓN, DISTRIBUCIÓN, ETC.
Lugar de publicación, distribución, etc. Barcelona :
Nombre del editor, distribuidor, etc. Planeta,
Fecha de publicación, distribución, etc. D. L. 1986.
300 ## - DESCRIPCIÓN FÍSICA
Extensión 252 p. ;
Dimensiones 20 cm.
490 1# - MENCIÓN DE SERIE
Mención de serie Textos ;
Designación de volumen o secuencia 91
500 ## - NOTA GENERAL
Nota general Índice.
700 1# - ENTRADA AGREGADA--NOMBRE PERSONAL
Nombre de persona Fraga Iribarne, Manuel,
Fechas asociadas al nombre 1922-2012
9 (RLIN) 193721
830 0# - PUNTO DE ACCESO ADICIONAL DE SERIE-TÍTULO UNIFORME
Título uniforme Textos ;
Designación de volumen o secuencia 91
9 (RLIN) 179017
852 ## - LOCALIZACIÓN
Ubicación ES-MaACL
Número de control de estantería E-15294
Holdings
Estatus retirado Estado de pérdida Estado de daño No para préstamo Biblioteca de origen Biblioteca actual Ubicación en estantería Fecha de adquisición Fuente de adquisición Total de préstamos Signatura topográfica completa Código de barras Visto por última vez Precio de reemplazo Tipo de ítem Koha
        Biblioteca del Ateneo de Madrid Biblioteca del Ateneo de Madrid Depósito 2 06/06/2011     E-15294 1187532 23/02/2023 23/02/2023 Libro impreso